| 000 | 01977ncm0a22003611 4500 | ||
|---|---|---|---|
| 001 | RU\NLR\ONIZ\213145 | ||
| 005 | 20250624205211.0 | ||
| 035 | _aRU\NLR\ONIZ\lanatalya\5000003904\20151125122937 | ||
| 035 | _a(NLR Aleph) 010985937 | ||
| 071 | 2 | 0 | _aс 3248 к |
| 090 |
_a10901763 _c10901763 |
||
| 100 | _a20151125d2002 |||y0rusy50 ca | ||
| 101 | 0 |
_aeng _arus |
|
| 102 | _aRU | ||
| 125 | _azx | ||
| 145 | 0 | _ab | |
| 200 | 1 |
_aСыграем вместе _bНоты _dLet's play together _eпьесы для анс. скрипачей и фп. _eмл. классы ДМШ _fЖ. Металлиди _zeng |
|
| 210 |
_aСанкт-Петербург _cКомпозитор-Санкт-Петербург _d2002 |
||
| 215 |
_a36 с. _cил. _d30 см |
||
| 313 | _aСистематизация документа проведена по изданию - Методика классифицирования музыкальных произведений (нотных изданий) по таблицам Библиотечно-библиографических классификаций : метод. рекомендации / Гос. б-ка СССР им. В.И. Ленина.- М., 1977. Индексу ББК методических рекомендаций присваивается код ББК для научных библиотек - LBC/SL | ||
| 316 |
_6b11899 _aЭкз. с шифром 986/58 с дарств. надписью авт. _5NLR |
||
| 686 |
_aЩ952.542я44(2Р= Рус) _vLBC/SL _2rubbk |
||
| 700 | 1 |
_9z01790 _aМеталлиди _bЖ. Л. _f1934 - _gЖаннэта (Жанна) Лазаревна _4230 _7ca |
|
| 790 | 1 |
_9z01700 _aMetallidi _bZh. L. _f1934 - _gZhanneta (Zhanna) Lazarevna _4230 |
|
| 801 | 0 |
_aRU _bNLR _c20151125 _gPSBO |
|
| 801 | 1 |
_aRU _bNLR _c20151125 _2rusmarc |
|
| 801 | 2 |
_aRU _bNLR _c20151125 |
|
| 852 |
_aNLR _bМ _j986/58 _p277912 _t1 |
||
| 852 |
_aNLR _bМ _jК-3/27561 _p257397 _t2 |
||
| 942 | _cSCORE | ||
| 980 | _aNB | ||
| 980 | _aONIZ | ||